000 00448nam a2200145Ia 4500
003 OSt
005 20260119151107.0
008 211028s2013 xx 000 0 und d
040 _cAIMIT LIBRARY
041 _aeng
100 _aSiraj; Shetty, Prathibha.
_g1116155
_97095
245 _aMarket feasibility study of a new energy drink with reference to global associates Kasaragod /
260 _aMangalore
_bPrathibha Shetty
_c2013
942 _2ddc
_cPRO
999 _c218665
_d218665